| 000 | 00779cam a22002171 4500 | ||
|---|---|---|---|
| 001 | sa 66005844 | ||
| 003 | DLC | ||
| 005 | 20260227112252.0 | ||
| 008 | 890913s1965 io 000 0 ind | ||
| 010 | _asa 66005844 | ||
| 035 | _a(OCoLC)23537077 | ||
| 040 |
_aDLC _cMiU _dDLC |
||
| 042 | _apremarc | ||
| 050 | 0 | 0 | _aLAW <Indonesia 7 Suka 1965> |
| 100 | 0 |
_aSoekarno, _d1901-1970. |
|
| 245 | 1 | 0 |
_aDjaga djangan sampai revolusi Indonesia bisa didjegal orang! _cAmanat pada Musjawarah-Kerdja Kedjaksaan seluruh Indonesia di markas besar Ganefo, Senajan, Djakarta, tanggal 15 Djuni 1965. |
| 260 |
_a[Djakarta] _bDepartemen Penerangan _c[1965] |
||
| 300 |
_a18 p. _bport. _c21 cm. |
||
| 500 | _a"Penerbitan chusus, 377." | ||
| 650 | 0 |
_aCriminal justice, Administration of _zIndonesia. |
|
| 999 |
_c70173 _d70173 |
||